000 00222nam a22000857a 4500
008 161206b xxu||||| |||| 00| 0 eng d
100 _91873
_aAakash
245 _aBotany question bank
260 _aNew delhi
_bAakash institute
_c2006
999 _c4622
_d4622